000 00717cam a22002295a 4500
001 L157151
008 120910s2012 xxk f 000 0 eng d
020 _a9780199534463
035 _a(Sirsi) u157151
041 0 _aeng
050 0 4 _a720.3 $2 18
100 1 _aGorse, Christopher
245 0 2 _aA Dictionary of construction, surveying and civil engineering
260 _aOxford
_bOUP
_c2012
300 _a1 v.
_bill.
_c20cm.
520 _aAn A-Z dictionary of construction, surveying and civil engineering terms, including materials, equipment and tools.
651 4 _aUnited Kingdom
_y
690 _aConstruction management
_96230
700 1 _aJohnston, David
700 1 _aPritchard, Martin
942 _n0
999 _c114630
_d114630